Ways of residing in transformation : (Record no. 7497)

000 -LEADER
fixed length control field 00821cam a22002418i 4500
003 - CONTROL NUMBER IDENTIFIER
control field OSt
005 - DATE AND TIME OF LATEST TRANSACTION
control field 20200311130353.0
008 - FIXED-LENGTH DATA ELEMENTS--GENERAL INFORMATION
fixed length control field 150428s2015 vtu b 001 0 eng
020 ## - INTERNATIONAL STANDARD BOOK NUMBER
International Standard Book Number 9781472426079 (hardback : alk. paper)
040 ## - CATALOGING SOURCE
Original cataloging agency DLC
Language of cataloging eng
Transcribing agency DLC
Description conventions rda
082 00 - DEWEY DECIMAL CLASSIFICATION NUMBER
Classification number 728
Edition number 23
Item number STE
245 00 - TITLE STATEMENT
Title Ways of residing in transformation :
Remainder of title interdisciplinary perspectives /
Statement of responsibility, etc [edited] By Sten Gromark, Mervi Ilmonen, Katrin Paadam and Eli Støa.
300 ## - PHYSICAL DESCRIPTION
Extent pages cm
504 ## - BIBLIOGRAPHY, ETC. NOTE
Bibliography, etc Includes bibliographical references and index.
650 #0 - SUBJECT ADDED ENTRY--TOPICAL TERM
Topical term or geographic name as entry element Architecture, Domestic
General subdivision Social aspects.
650 #0 - SUBJECT ADDED ENTRY--TOPICAL TERM
Topical term or geographic name as entry element Space (Architecture)
650 #0 - SUBJECT ADDED ENTRY--TOPICAL TERM
Topical term or geographic name as entry element Sociology, Urban.
700 1# - ADDED ENTRY--PERSONAL NAME
Personal name Gromark, Sten,
Relator term editor.
700 1# - ADDED ENTRY--PERSONAL NAME
Personal name Ilmonen, Mervi,
Relator term editor.
700 1# - ADDED ENTRY--PERSONAL NAME
Personal name Paadam, Katrin,
Relator term editor.
700 1# - ADDED ENTRY--PERSONAL NAME
Personal name Støa, Eli,
Relator term editor.
942 ## - ADDED ENTRY ELEMENTS (KOHA)
Source of classification or shelving scheme
Holdings
Withdrawn status Lost status Source of classification or shelving scheme Damaged status Koha normalized classification for sorting Not for loan Permanent location Current location Date acquired Full call number Barcode Date last seen Price effective from Koha item type
        728_000000000000000_STE   BMS College of Architecture, Design and Planning BMS College of Architecture, Design and Planning 2020-03-11 728 STE AR-UG1708 2020-03-11 2020-03-11 UG Books
Copyright © 2025, The Librarian, Library and Information Centre, BMSCA D&P, Bengaluru. All Rights Reserved
web counter

Powered by Koha